000 00418pab a2200157 454500
008 180718b1977 xxu||||| |||| 00| 0 eng d
100 _aMitra, Asok
245 _aThe future of urbanization in relation to metropolitan and industrial centres in the eastern region
260 _c1977
300 _ap.32-42.
362 _aJul-Sep
650 _aUrbanization
773 _aNagarlok
908 _aN
909 _a102263
999 _c102261
_d102261